|
|
|
|
| LEADER |
00000nam a22000007a 4500 |
| 005 |
2021041300350.0 |
| 007 |
cr|||| |||| |
| 008 |
210413c19739999gb ar|w s|||| 0|||b1eng d |
| 022 |
|
|
|a 0305-9049
|
| 035 |
|
|
|a 32921
|
| 040 |
|
|
|a vLex
|
| 090 |
|
|
|c 11443
|d 11443
|
| 245 |
0 |
0 |
|a Oxford Bulletin of Economics and Statistics
|h [Recurso electrn̤ico] /
|
| 256 |
|
|
|a Servicio en ln̕ea
|
| 260 |
|
|
|a Hoboken:
|b Wiley,
|c 1973 -
|
| 300 |
|
|
|a 1 recurso electrn̤ico
|
| 310 |
|
|
|a Anual
|
| 506 |
1 |
|
|a Disponible solo en los productos indicados
|d vLex Global
|d vLex Global (Academic Edition, excluding Law Schools)
|d vLex Global (U.S. Academic Edition, Law Schools)
|d vLex Global (U.S. Academic Edition, excluding Law Schools)
|d vLex Global (Academic Edition, Law Schools)
|
| 650 |
0 |
4 |
|a Derecho Pb︢lico y Administrativo
|z Reino Unido
|
| 650 |
0 |
4 |
|a Derecho Fiscal
|z Reino Unido
|
| 740 |
0 |
|
|a vLex Revistas (Servicio en ln̕ea)
|
| 856 |
4 |
0 |
|u https://vlex.com/source/32921
|z Acceso restringido
|
| 942 |
|
|
|c REV
|
| 999 |
0 |
|
|a Public and Administrative Law
|
| 999 |
0 |
|
|a Tax Law
|